000 00501nam a2200181Ia 4500
005 20250317131111.0
008 008 250317s9999 xx 000 0 eng d
037 _aTextbook
040 _aFMSL
_beng
_cFMSL
041 _aeng
_2eng
084 _qFMSL
100 _aHauser P M
_9739085
245 0 _aPopulation and the Urban future
260 _aNew York
_bNew York, State Universtiy of NewYork
_c1982
300 _a197p
942 _cTB
999 _c1266669
_d1266669